[Event "ESP-ch U14"]
[Site "Salobrena"]
[Date "2023.07.21"]
[Round "7"]
[White "Sanchez Morales, Samuel"]
[Black "Rojas Fernandez, Antonio"]
[Result "1-0"]
[WhiteElo "1570"]
[BlackElo "1763"]
[PlyCount "63"]
[EventDate "2023.07.17"]
[EventType "swiss"]
[EventRounds "9"]
[EventCountry "ESP"]
[SourceTitle "EXT 2024"]
[Source "ChessBase"]
[SourceDate "2023.10.10"]
[SourceVersion "1"]
[SourceVersionDate "2023.10.10"]
[SourceQuality "1"]

1. e4 e5 2. Nf3 Nc6 3. Bb5 a6 4. Ba4 d6 5. c3 Bd7 6. 0-0 g6 7. d4 Bg7 8. dxe5 dxe5 9. Be3 Qe7 10. b4 0-0-0 11. Qc2 f5 12. Bb3 Nf6 13. Bc5 Qe8 14. Ng5 Rf8 15. Bxf8 Qxf8 16. Ne6 Bxe6 17. Bxe6+ Kb8 18. exf5 gxf5 19. Bxf5 Bh6 20. Rd1 Re8 21. Be4 Ng4 22. h3 Nf6 23. Na3 Nh5 24. Bxc6 bxc6 25. Qe4 Nf4 26. Rd7 Qf6 27. Nc4 Rf8 28. Nxe5 Nxh3+ 29. gxh3 Qxf2+ 30. Kh1 Bf4 31. Ng4 h5 32. Nxf2 1-0

[Event "ESP-ch U14"]
[Site "Salobrena"]
[Date "2023.07.19"]
[Round "5"]
[White "Rodriguez Canovas, Elena"]
[Black "Sanchez Morales, Samuel"]
[Result "0-1"]
[WhiteElo "1734"]
[BlackElo "1570"]
[PlyCount "68"]
[EventDate "2023.07.17"]
[EventType "swiss"]
[EventRounds "9"]
[EventCountry "ESP"]
[SourceTitle "EXT 2024"]
[Source "ChessBase"]
[SourceDate "2023.10.10"]
[SourceVersion "1"]
[SourceVersionDate "2023.10.10"]
[SourceQuality "1"]

1. Nf3 Nf6 2. d4 d5 3. g3 c5 4. Bg2 cxd4 5. 0-0 h6 6. Nxd4 e5 7. Nb3 Nc6 8. N1d2 Be6 9. c3 a5 10. Nf3 a4 11. Nbd2 Bc5 12. Ne1 Ng4 13. Nd3 Bb6 14. h3 Nf6 15. Kh2 Bf5 16. Nb1 e4 17. Ne1 Qd7 18. Nc2 h5 19. f3 Bc7 20. f4 h4 21. Qe1 hxg3+ 22. Qxg3 0-0-0 23. e3 Rh7 24. Rh1 Rdh8 25. Kg1 Rh6 26. Kf1 Rg6 27. Qh2 Bb6 28. Nba3 Nh5 29. Ke1 Rg3 30. h4 Bd8 31. Bf1 Rg4 32. Bh3 Rxh4 33. Bxf5 Qxf5 34. Qg2 Nxf4 0-1

[Event "ESP-ch U12"]
[Site "Salobrena"]
[Date "2022.07.15"]
[Round "7"]
[White "Sanchez Morales, Samuel"]
[Black "Collado Perez, Marcos"]
[Result "1-0"]
[WhiteElo "1542"]
[BlackElo "1344"]
[PlyCount "103"]
[EventDate "2022.07.04"]
[EventType "swiss"]
[EventRounds "9"]
[EventCountry "ESP"]
[SourceTitle "EXT 2023"]
[Source "ChessBase"]
[SourceDate "2022.10.05"]
[SourceVersion "1"]
[SourceVersionDate "2022.10.05"]
[SourceQuality "1"]

1. e4 c5 2. Nf3 Nc6 3. d4 cxd4 4. Nxd4 g6 5. Nc3 Bg7 6. Be3 Nf6 7. Bc4 0-0 8. Bb3 d5 9. exd5 Na5 10. h3 Nxb3 11. Nxb3 b6 12. Qd2 Bb7 13. 0-0-0 Rc8 14. f3 Qc7 15. d6 exd6 16. Qxd6 Qxd6 17. Rxd6 Rfe8 18. Bd4 Nh5 19. Bxg7 Kxg7 20. Rd4 Ng3 21. Rhd1 Rxc3 22. bxc3 Ne2+ 23. Kd2 Nxd4 24. cxd4 Bd5 25. Re1 Rxe1 26. Kxe1 a5 27. a3 Kf6 28. Nd2 b5 29. c3 Kf5 30. g3 h5 31. h4 g5 32. hxg5 Kxg5 33. Ne4+ Kf5 34. Nd6+ Kg5 35. Kf2 f5 36. f4+ Kg4 37. Nxb5 h4 38. gxh4 Kxf4 39. Nd6 Bg8 40. c4 a4 41. c5 Bd5 42. h5 Kg5 43. h6 Kxh6 44. Nxf5+ Kg5 45. Ne7 Bh1 46. Ke3 Kf6 47. Nc8 Ke6 48. Nb6 Bc6 49. Kd3 Bb5+ 50. Ke4 Ke7 51. Ke5 Kd8 52. Kd6 1-0

[Event "ESP-ch U12"]
[Site "Salobrena"]
[Date "2022.07.11"]
[Round "2"]
[White "De Francisco Gracia, Diego"]
[Black "Sanchez Morales, Samuel"]
[Result "0-1"]
[WhiteElo "1302"]
[BlackElo "1542"]
[PlyCount "84"]
[EventDate "2022.07.04"]
[EventType "swiss"]
[EventRounds "9"]
[EventCountry "ESP"]
[SourceTitle "EXT 2023"]
[Source "ChessBase"]
[SourceDate "2022.10.05"]
[SourceVersion "1"]
[SourceVersionDate "2022.10.05"]
[SourceQuality "1"]

1. e4 c5 2. c3 g6 3. d4 cxd4 4. cxd4 d5 5. e5 a6 6. h3 Nc6 7. Nf3 Bg7 8. Nc3 Bf5 9. Bd2 e6 10. Na4 Nge7 11. Qb3 Rb8 12. Nc5 Qc7 13. Qc3 0-0 14. Bxa6 bxa6 15. Nxa6 Qa7 16. Nxb8 Rxb8 17. b3 Be4 18. 0-0 Bxf3 19. gxf3 Qxd4 20. Qxd4 Nxd4 21. f4 Nf3+ 22. Kg2 Nxd2 23. Rfd1 Ne4 24. Rac1 Nf5 25. Rd3 Bh6 26. f3 Bxf4 27. fxe4 Bxc1 28. exf5 gxf5 29. a4 Bb2 30. Kf3 d4 31. Ke2 Bc3 32. Rg3+ Kf8 33. Kd3 Rxb3 34. Kc4 Rb4+ 35. Kd3 Rxa4 36. Rg1 Rb4 37. Rg2 Rb5 38. Ra2 Rxe5 39. Ra8+ Kg7 40. h4 Re3+ 41. Kc2 Rh3 42. Kd1 Rxh4 0-1

[Event "ESP-ch U12"]
[Site "Salobrena"]
[Date "2021.07.08"]
[Round "6"]
[White "Gea Garcia, Alvaro"]
[Black "Sanchez Morales, Samuel"]
[Result "1/2-1/2"]
[WhiteElo "1248"]
[BlackElo "1467"]
[PlyCount "66"]
[EventDate "2021.07.05"]
[EventType "swiss"]
[EventRounds "9"]
[EventCountry "ESP"]
[SourceTitle "EXT 2022"]
[Source "ChessBase"]
[SourceDate "2021.10.06"]
[SourceVersion "1"]
[SourceVersionDate "2021.10.06"]
[SourceQuality "1"]

1. e4 c5 2. Nf3 Nc6 3. d4 cxd4 4. Nxd4 Nf6 5. Nc3 e5 6. Ndb5 d6 7. Bg5 a6 8. Na3 b5 9. Nd5 Be7 10. Bxf6 Bxf6 11. c3 Bg5 12. Nc2 0-0 13. a4 Rb8 14. axb5 axb5 15. Be2 f5 16. exf5 Bxf5 17. 0-0 Bxc2 18. Qxc2 b4 19. c4 Nd4 20. Qd3 Qd7 21. h3 Qf5 22. Qxf5 Nxf5 23. Bg4 Ne7 24. Nxe7+ Bxe7 25. Ra7 Bf6 26. b3 e4 27. Be6+ Kh8 28. Bd5 Bd4 29. Re7 Rf6 30. Rxe4 Bc5 31. Re6 Rxe6 32. Bxe6 Ra8 33. Bd7 Ra2 1/2-1/2